000
00300nam a2200121Ia 4500
008
220120s9999||||xx |||||||||||||| ||und||
020
_a
440420431
082
_a
425 WEB
100
_a
Websters
245
0
_a
websters 9th new collegiate dictionary
260
_a
websters
_b
New York
300
_a
282p.
_b
0
999
_c
136427
_d
136427